LEADER 01370nam a2200313 u 4500 001 000000058591 003 CaOOAMICUS 005 20070226120717.0 008 010607s1987 it u000 u ita u 020 $a8831100769 035 $a10891809 040 $aPUL(R)$bita 100 1 $aHubert, Elie G.$0(OLS)http://pul/name/40617 240 10$aC.G.Jung.$lItaliano.$0(OLS)http://pul/title/78489 245 10$aCarl Gustav Jung :$bintroduzione ai fondamenti della psicologia del profondo di orientamento filosofico /$cElie G. Hubert. 260 $aRoma :$bCittà Nuova,$cc1987. 300 $a165 p. ;$c18 cm 490 1 $aIdee ;$v76 504 $aBibliografia: p. 157-162. 600 14$aJung, C. G.$q(Carl Gustav),$d1875-1961.$0(OLS)http://pul/subject/24005 650 4$aPersonalità.$0(OLS)http://pul/subject/6749 830 0$aIdee (Città Nuova) ;$v93.$0(OLS)http://pul/title/7604 850 $aPUL 852 $aPUL$W1$xSL Filosofia 1$y2$m96 G 64$j76527$nBK-PRI$b $qStampati$B76527$CPULBib$Z2$F76527 $H $81 941 1 $a8 961 $aINV: 56246 996 $6020$a8831100769$9(OLS)http://pul/number/74297 996 $6245$aCarl Gustav Jung :$bintroduzione ai fondamenti della psicologia del profondo di orientamento filosofico$9(OLS)http://pul/title/78490 996 $6260$aRoma :$bCittà Nuova$9(OLS)http://pul/publisher/47927 LEADER 01698nam a2200337 a 4500 001 000000173900 003 CaOOAMICUS 005 20201028170542.0 006 a 000 u 006 a 000 u 008 201028s2002 inu u000 u eng r 020 $a0-87462-243-3* 032 $aLibriCat 040 $aPUL$bita 041 1 $aeng$hlat 100 1 $aSuárez, Francisco,$cS.I.,$d1548-1617.$0(OLS)http://pul/name/3840 240 10$aIndex locupletissimus in Metaphysicam Aristotelis. $lInglese.$0(OLS)http://pul/title/215116 245 12$aA commentary on Aristotle's Metaphysics, or "A most ample index to The metaphysics of Aristotle" (Index locupletissimus in Metaphysicam Aristotelis) / $cFrancisco Suarez ; translated with an introduction and notes by John P. Doyle. 260 $aMilwakee :$bMarquette University Press,$c2004. 300 $a430 p. ;$c22 cm 500 $aContiene indici. 504 $aBibliografia in nota a piè pagina. 600 04$aAristoteles,$d384-322 a.C.$tMetaphysica$9(Aristoteles, 384-322 a.C.)$xCommenti.$0(OLS)http://pul/subject/399 700 1 $aDoyle, John P.$0(OLS)http://pul/name/51513 850 $aPUL 852 $aPUL$W1$xSL Filosofia 3$y81$m110 SUAFR 1$j198032$qDDC 21$B202713$CPULBib$Z2$F202713 $H134480 $82 941 1 $a9 996 $6020$a0-87462-243-3*$9(OLS)http://pul/number/167787 996 $6245$aA commentary on Aristotle's Metaphysics, or "A most ample index to The metaphysics of Aristotle" (Index locupletissimus in Metaphysicam Aristotelis) / $9(OLS)http://pul/title/215117 996 $6260$aMilwakee :$bMarquette University Press$9(OLS)http://pul/publisher/75122